书目信息 |
| 题名: |
化学基础知识
|
|
| 作者: | 吴金如 编 | |
| 分册: | ||
| 出版信息: | 北京 农业出版社 1981.5 |
|
| 页数: | 37页 | |
| 开本: | 19cm | |
| 丛书名: | ||
| 单 册: | ||
| 中图分类: | S13 | |
| 科图分类: | ||
| 主题词: | 农业化学 | |
| 电子资源: | ||
| ISBN: | ||
| 000 | 00515nam0 2200193 45 | |
| 001 | 0181011795 | |
| 005 | 20060515165614.43 | |
| 010 | @dCNY0.16 | |
| 100 | @a20810111d km y0chiy0120 ea | |
| 101 | 0 | @achi |
| 200 | 1 | @a化学基础知识@Ahua xue ji chu zhi shi@f吴金如编@Fwu jin ru bian |
| 210 | @a北京@c农业出版社@d1981.5 | |
| 215 | @a37页@d19cm | |
| 300 | @a农业干部培训自学读本 | |
| 606 | 0 | @a农业化学 |
| 690 | @aS13 | |
| 701 | 0 | @a吴金如@Awu jin ru@4编 |
| 801 | @aCN@bTSTC@c20060515 | |
| 905 | @dS13@e5@f2@b149723-24 | |
| 化学基础知识/吴金如编.-北京:农业出版社,1981.5 |
| 37页;19cm |
| 农业干部培训自学读本 |
| ISBN :CNY0.16 |
| ● |
| 相关链接 |
|
|
|
|
正题名:化学基础知识
索取号:S13/5
 
预约/预借
| 序号 | 登录号 | 条形码 | 馆藏地/架位号 | 状态 | 备注 |
| 1 | 0129723 | 202349262 | 密集书库/ [索取号:S13/5] | 在馆 | |
| 2 | 0129724 | 202349226 | 密集书库/ [索取号:S13/5] | 在馆 |